Visualizzazione normale
Vista MARC
- Schlondorff Volker
di Personal Name
Records bibliografici associati: 1
001 - CONTROL NUMBER
- control field: 42135
003 - CONTROL NUMBER IDENTIFIER
- control field: IT-RoPau
005 - DATE AND TIME OF LATEST TRANSACTION
- control field: 20151126213040.0
008 - FIXED-LENGTH DATA ELEMENTS
- fixed length control field: 151126|| aca||aabn | a|a d
040 ## - CATALOGING SOURCE
- Original cataloging agency: IT-RoPau
- Transcribing agency: IT-RoPau
100 ## - HEADING--PERSONAL NAME
- Personal name: Schlondorff Volker
- Relator term: (regista)
- Miscellaneous information: Codice regista SPICS: 11222
670 ## - SOURCE DATA FOUND
- Source citation: Work cat.: (IT-RoPau)105565: Schlondorff Volker Codice regista SPICS: 11222 42132, TURBAMENTI DEL GIOVANE TORLESS (I) TURBAMENTI DEL GIOVANE TORLESS (I) (Rif. Codice opera principale : 29132)